| 000 | 01136nam a22002777a 4500 | ||
|---|---|---|---|
| 005 | 20210325205522.0 | ||
| 008 | s2552 th tha d | ||
| 020 | _a9786165260152 | ||
| 041 | _atha | ||
| 050 | _aBQ4570.L5 ส192จ 2552 | ||
| 100 | 0 | _aสนธิญาณ ชื่นฤทัยในธรรม | |
| 245 | 1 | 0 | _aใจที่วาง ทางที่เดิน....ให้สิ้นสุด [3rd] |
| 260 | 3 |
_aนนทบุรี : _bกรีน-ปัญญาญาณ, _c2552 |
|
| 300 |
_a191 หน้า : _b ภาพประกอบ ; _c 21 ซม. |
||
| 650 | 0 | 4 | _aสติปัฏฐาน 4 |
| 650 | 0 | 4 | _aกรรม |
| 650 | 0 | 4 | _aสมาธิ |
| 650 | 0 | 4 | _aศีล |
| 650 | 0 | 4 | _aธรรมะ (พุทธศาสนา) |
| 650 | 0 | 4 | _aธรรมะกับชีวิตประจำวัน |
| 850 | _aNALT | ||
| 942 | _cGB | ||
| 997 | _a39181 ฉ.1 / 39182 ฉ.2 | ||
| 997 | _c000000000063716 | ||
| 998 | _aนางสาวเบญจลักษณ์ สุทธิวิไล | ||
| 999 |
_c63716 _d63716 |
||